00313nam a2200121Ia 4500008004100000041001200041082001100053100001700064245007400081260000600155650000600161700002400167221030s9999 xx 000 0 und d aEnglish a105.23 aS. Domkndwar 2aA Course in Thermal Engineeringcby S. Domkndwar, C. P. Kothandaraman c0 aB aC. P. Kothandaraman